Chansons de Johnny Hallyday (1961-1979) - Statistiques

Statistiques générales
  • Ce quiz a été pris 25 fois
  • Le résultat moyen est 36 sur 307
Statistiques - réponses
Album Titre % Correct
Les Bras en croix 1 Les Bras en croix
67%
La Génération perdue 7 Noir c'est noir
62%
Derrière l'amour 6 Gabrielle
57%
Salut les copains 3 Retiens la nuit
57%
Derrière l'amour 5 Requiem pour un fou
48%
Rivière… ouvre ton lit 1 Rivière… ouvre ton lit
48%
Derrière l'amour 9 Derrière l'amour
43%
La Génération perdue 1 La Génération perdue
43%
Flagrant Délit 1 Flagrant Délit
38%
Je t'aime, je t'aime, je t'aime 1 Je t'aime, je t'aime, je t'aime
38%
Jeune Homme 1 Jeune Homme
38%
Nous les gars, nous les filles 1 Nous les gars, nous les filles
38%
Flagrant Délit 3 Oh ! Ma jolie Sarah
38%
Rivière… ouvre ton lit 4 Viens
38%
Rêve et Amour 2 Cours plus vite Charlie
33%
Rêve et Amour 7 Fumée
33%
C'est la vie 7 J'ai oublié de vivre
33%
La Terre promise 1 La Terre promise
33%
Jeune Homme 4 À tout casser
29%
Rivière… ouvre ton lit 10 Je suis né dans la rue
29%
Vie 11 Jésus Christ
29%
Insolitudes 1 La Musique que j'aime
29%
C'est la vie 3 Vivre
29%
Johnny 67 7 Aussi dur que du bois
24%
Insolitudes 3 Comme un corbeau blanc
24%
Vie 1 Essayez
24%
Flagrant Délit 2 Fils de personne
24%
Flagrant Délit 4 Il faut boire à la source
24%
Vie 3 La Pollution
24%
Insolitudes 8 La Solitude
24%
Insolitudes 7 Le Feu
24%
Je t'aime, je t'aime, je t'aime 10 Le rock'n'roll
24%
Johnny chante Hallyday 1 Mon anneau d'or
24%
Vie 7 Poème sur la 7e
24%
Hallelujah 7 Quand revient la nuit
24%
Salut les copains 8 Viens danser le twist
24%
Rivière… ouvre ton lit 2 Voyage au pays des vivants
24%
Rivière… ouvre ton lit 3 Amen
19%
Johnny 67 1 Amour d'été
19%
Rêve et Amour 5 Attention
19%
Vie 6 C'est écrit sur les murs
19%
Jeune Homme 5 Cheval d'acier
19%
La Génération perdue 12 Cheveux longs et idées courtes
19%
Rock à Memphis 4 Dégage
19%
Les Bras en croix 6 Elle est terrible
19%
Rêve et Amour 1 Entre mes mains
19%
Je t'aime, je t'aime, je t'aime 4 J'ai pleuré sur ma guitare
19%
Rivière… ouvre ton lit 9 Je n'ai besoin de personne
19%
Rivière… ouvre ton lit 7 Je te veux
19%
Johnny, reviens ! Les Rocks les plus terribles 1 Johnny, reviens
19%
La Génération perdue 8 La fille à qui je pense
19%
Vie 8 La Fille aux cheveux clairs
19%
Rock à Memphis 3 La Fille de l’été dernier
19%
Flagrant Délit 8 La loi
19%
Insolitudes 5 La Prison des orphelins
19%
Johnny, reviens ! Les Rocks les plus terribles 2 Lucille
19%
Rock 'n' Slow 4 Nadine
19%
Rivière… ouvre ton lit 6 Regarde pour moi
19%
Rock 'n' Slow 8 À l’hôtel des cœurs brisés
14%
Rock 'n' Slow 7 À propos de mon père
14%
Solitudes à deux 4 Cet homme que voilà
14%
Les Bras en croix 2 Chance
14%
Country, Folk, Rock 5 Comme si je devais mourir demain
14%
Country, Folk, Rock 12 Comme un lion en hiver
14%
Vie 10 Deux amis pour un amour
14%
Solitudes à deux 1 Elle m'oublie
14%
Jeune Homme 12 Hit-parade
14%
Rêve et Amour 9 J'ai peur, je t'aime
14%
La Génération perdue 3 Je me suis lavé les mains dans une eau sale
14%
Jeune Homme 2 Je n'ai pas voulu croire
14%
La Génération perdue 9 Je veux te graver dans ma vie
14%
Rock 'n' Slow 5 Johnny Rider
14%
Derrière l'amour 4 Joue pas de rock’n’roll pour moi
14%
Johnny 67 10 La petite fille de l'hiver
14%
Solitudes à deux 6 La première pierre
14%
Jeune Homme 11 Le ciel nous fait rêver
14%
Solitudes à deux 10 Le pétrole
14%
Rivière… ouvre ton lit 8 Les anges de la nuit
14%
Derrière l'amour 10 Les Chiens de paille
14%
Hallelujah 2 Les monts près du ciel
14%
Jeune Homme 9 L'histoire de Bonnie and Clyde
14%
Rock à Memphis 1 Ma chérie c'est moi
14%
Jeune Homme 7 Mal
14%
Hallelujah 1 Mes yeux sont fous
14%
Derrière l'amour 11 Né pour vivre sans amour
14%
Johnny, reviens ! Les Rocks les plus terribles 8 O Carole
14%
Johnny 67 12 Petite fille
14%
Les Bras en croix 3 Poupée brisée
14%
Je t'aime, je t'aime, je t'aime 6 | 7 Prends ma vie
14%
Jeune Homme 8 Quand l'aigle est blessé
14%
La Génération perdue 4 Quand un homme perd ses rêves
14%
Flagrant Délit 9 Que j'aie tort ou raison
14%
Rivière… ouvre ton lit 5 Réclamation
14%
Derrière l'amour 2 Rendez-vous en enfer
14%
Rock 'n' Slow 1 Rock'n'roll man
14%
Country, Folk, Rock 10 Sauvez-moi
14%
C'est la vie 1 Tant pis… c'est la vie
14%
Flagrant Délit 10 Tant qu'il y aura des trains
14%
Les Bras en croix 7 Tes tendres années
14%
Country, Folk, Rock 9 Toi, tu voles l'amour
14%
C'est la vie 5 Un homme comme les autres
14%
Rock à Memphis 2 37e étage
10%
Johnny chante Hallyday 8 A deux heures de chez toi
10%
Rock à Memphis 13 Adieu miss Molly
10%
Jeune Homme 3 Au pays des aveugles
10%
C'est la vie 6 Au secours
10%
Sings America's Rockin' Hits 2 Blueberry Hill
10%
La Terre promise 5 C'est bon
10%
Johnny 67 3 C'est mon imagination
10%
Rock 'n' Slow 2 (C'est une) Honky Tonk Woman
10%
Je t'aime, je t'aime, je t'aime 8 Chanson pour Lily
10%
Rock à Memphis 10 Comme un fou
10%
Rêve et Amour 11 Dans ma vie
10%
Vie 5 Dans ton univers
10%
La Génération perdue 6 De loin en loin
10%
Sings America's Rockin' Hits 12 Diana
10%
Johnny chante Hallyday 12 Dis à mon frère
10%
Les Bras en croix 11 Dis-moi oui
10%
Rock 'n' Slow 3 Dix-sept ans
10%
La Génération perdue 5 Don't Need Nobody
10%
Hollywood 9 Du même côté de la rivière
10%
Hamlet 2-7 | 2-8 Écoutez
10%
Country, Folk, Rock 6 E dio creo la donna
10%
La Génération perdue 11 Elle reviendra
10%
Rêve et Amour 4 En rêve
10%
Flagrant Délit 5 Fille de la nuit
10%
Johnny, reviens ! Les Rocks les plus terribles 7 Frankie et Johnny
10%
Country, Folk, Rock 3 Hello US USA
10%
Je t'aime, je t'aime, je t'aime 3 Hey Louisa
10%
La Terre promise 4 Hey Lovely Lady
10%
Rock 'n' Slow 12 Interdit au moins de 13 ans
10%
Insolitudes 10 J'ai besoin d'un ami
10%
Johnny 67 2 J'ai crié à la nuit
10%
Rock à Memphis 5 Jeanie, Jeanie et ta sœur
10%
Johnny 67 4 Je m'accroche à mon rêve
10%
Johnny 67 5 Je n'ai jamais rien demandé
10%
Rêve et Amour 6 Je pars demain
10%
Rêve et Amour 8 Je suis l'amour
10%
La Terre promise 3 Je t'aime à l'infini
10%
Solitudes à deux 11 Je vous la donne
10%
Country, Folk, Rock 2 Joe, la ville et moi
10%
Nous les gars, nous les filles 7 Kili watch
10%
C'est la vie 4 La croisière des souvenirs
10%
Solitudes à deux 3 La fille du square
10%
Rock 'n' Slow 9 Laisse moi le temps de t'aimer
10%
Hamlet 2-12 La mort d’Hamlet
10%
Hamlet 2-9 La mort d'Ophélie
10%
La Terre promise 8 La première fois
10%
La Terre promise 12 La Ruée vers l'or
10%
Johnny 67 9 La seule vraie musique
10%
Flagrant Délit 7 L'autre moitié
10%
Hollywood 1 Le bon temps du rock and roll
10%
Johnny chante Hallyday 4 Le diable me pardonne
10%
Insolitudes 11 Le Droit de vivre
10%
Derrière l'amour 7 Le ghetto
10%
La Génération perdue 10 Le jeu que tu joues
10%
Derrière l'amour 1 Le jour J, l'heure H
10%
Jeune Homme 6 Le mauvais rêve
10%
Vie 9 Le monde entier va sauter
10%
Hamlet 2-13 Le rideau tombe
10%
C'est la vie 8 Les filles du paradis
10%
La Terre promise 6 Les Larmes de Belinda
10%
Derrière l'amour 8 L'étranger
10%
Johnny 67 6 Lettre de fans
10%
Hamlet 1-3 Le vieux roi est mort
10%
La Terre promise 2 L'Histoire de Bobby MacGee
10%
Vie 2 Lire dans tes yeux
10%
Solitudes à deux 8 Lolita
10%
Hamlet 1-5 L'orgie
10%
Country, Folk, Rock 1 Ma main au feu
10%
Rock à Memphis 6 Ma Mississippi Queen
10%
Rock 'n' Slow 10 Ma panthère noire
10%
Jeune Homme 10 Ma vie à t'aimer
10%
Rock à Memphis 8 Memphis USA
10%
Derrière l'amour 3 Merci
10%
Country, Folk, Rock 4 Mon amour à Marie
10%
Je t'aime, je t'aime, je t'aime 2 Mon amour perdu
10%
Insolitudes 9 Moraya
10%
Rêve et Amour 3 Non, ne me dis pas adieu
10%
Rock à Memphis 9 Oh ! Sally
10%
La Génération perdue 2 On s'est trompé
10%
Hamlet 1-11 Ophélie, oh folie
10%
Nous les gars, nous les filles 2 Oui mon cher
10%
Hamlet 1-1 Ouverture
10%
Les Bras en croix 9 Parc’que j’ai revu Linda
10%
Hallelujah 10 Pour nos joies et pour nos peines
10%
Johnny 67 8 Pourquoi as-tu peur de la vie ?
10%
Hamlet 1-2 Prologue
10%
La Terre promise 11 Promesses
10%
La Terre promise 7 Quand je reviendrai
10%
Rêve et Amour 12 Quand on sifflait
10%
Rock à Memphis 11 Qu'est ce que tu fais à l'école
10%
Vie 4 Rendez-moi le soleil
10%
Solitudes à deux 5 Revoilà ma solitude
10%
Country, Folk, Rock 7 Rien n'vaut cett'fille-là
10%
Solitudes à deux 2 Salut Charlie
10%
Salut les copains 7 Sam'di soir
10%
Rêve et Amour 10 Sans une larme
10%
Sings America's Rockin' Hits 1 Shake The Hand Of A Fool
10%
Flagrant Délit 6 Si tu pars la première
10%
Johnny 67 11 Son amour pour un jeu
10%
Insolitudes 6 Soupçons
10%
Hollywood 10 T'as le bonjour de l'amour
10%
Les Bras en croix 5 T’as qu’seize ans
10%
Country, Folk, Rock 11 Tomber c'est facile
10%
La Terre promise 9 Tout ce que tu veux
10%
Hollywood 2 Tout m'enchaîne
10%
Je t'aime, je t'aime, je t'aime 9 Trop belle, trop jolie
10%
Nous les gars, nous les filles 12 Tu m'plais
10%
Insolitudes 2 Tu peux partir si tu le veux
10%
Rock à Memphis 7 Tutti Frutti
10%
Solitudes à deux 9 Un coup pour rien
10%
La Terre promise 13 Une fille sans importance
10%
Rock à Memphis 12 Un garçon sur la route
10%
Solitudes à deux 7 Va te cacher
10%
Rock 'n' Slow 6 Venez tous avec moi
10%
Country, Folk, Rock 8 Viens le soleil
10%
Rock 'n' Slow 11 Voici le monde
10%
Salut les copains 1 Wap dou wap
10%
Sings America's Rockin' Hits 10 Whole Lotta Shakin' Goin' On
10%
Salut les copains 13 Avec une poignée de terre
5%
Sings America's Rockin' Hits 8 Be Bop a Lula
5%
Hollywood 5 Ce que tu as fait de moi
5%
Nous les gars, nous les filles 4 Ce s'rait bien
5%
C'est la vie 2 C'est pas comme ça que tu l'oublieras
5%
Hollywood 8 Comme un voleur
5%
Je t'aime, je t'aime, je t'aime 5 Danger d'amour
5%
Salut les copains 11 Danse le twist avec moi
5%
Hollywood 7 Dommage
5%
Hamlet 1-15 Doute
5%
Hollywood 6 Fais ce que je dis (pas ce que je fais)
5%
Sings America's Rockin' Hits 3 Hello Mary Lou
5%
Sings America's Rockin' Hits 7 I Got a Woman
5%
Hamlet 1-8 J'effacerai de ma mémoire
5%
Hamlet 1-13 Je lis
5%
Hamlet 1-9 Je suis fou
5%
C'est la vie 9 Je suis vraiment très bien
5%
Hamlet 1-12 L'asticot roi
5%
Hamlet 2-6 Le cimetière
5%
Hollywood 4 Le cœur comme une montagne
5%
C'est la vie 10 Le rock'n'roll est né
5%
Insolitudes 4 Le Sorcier maudit
5%
Hamlet 1-4 Le spectre du roi
5%
Salut les copains 9 Let's Twist Again
5%
Hallelujah 3 On a ses jours
5%
Nous les gars, nous les filles 11 Oui j'ai
5%
Hallelujah 11 Pleurer auprès de toi
5%
Hamlet 2-5 Pour l'amour
5%
Hamlet 1-6 Prière du spectre à Hamlet
5%
Les Bras en croix 10 Quand ce jour-là viendra
5%
Les Bras en croix 8 Quand un air vous possède
5%
Johnny, reviens ! Les Rocks les plus terribles 6 Rien que huit jours
5%
Hallelujah 8 Rock'n'roll musique
5%
Hamlet 1-7 Roi vivant
5%
Johnny, reviens ! Les Rocks les plus terribles 11 Sally
5%
Salut les copains 2 Si tu me téléphones
5%
Hamlet 2-4 Ta mère est putain
5%
Hamlet 2-1 To be or not to be
5%
Johnny chante Hallyday 3 Toi qui t'en vas
5%
Johnny chante Hallyday 2 Tu as de la chance
5%
Hallelujah 4 Tu ne me verras pas pleurer
5%
Hollywood 3 Tu n'es pas la seule fille au monde
5%
Johnny chante Hallyday 7 Tu oublieras mon nom
5%
Salut les copains 12 Tu peux la prendre
5%
Johnny, reviens ! Les Rocks les plus terribles 3 Au rythme et au blues
0%
Johnny chante Hallyday 9 Avec une chanson
0%
Johnny, reviens ! Les Rocks les plus terribles 9 Belle
0%
Nous les gars, nous les filles 10 Bien trop timide
0%
Sings America's Rockin' Hits 6 Bill Bailey
0%
Johnny, reviens ! Les Rocks les plus terribles 5 Celui que tu préfères
0%
Hallelujah 6 Celui qui t'a fait pleurer
0%
Nous les gars, nous les filles 5 Ce n'est pas méchant
0%
Salut les copains 10 Douce violence
0%
Sings America's Rockin' Hits 4 Feel So Fine
0%
Salut les copains 14 Il faut saisir sa chance
0%
Johnny chante Hallyday 10 Je bois à sa santé
0%
Hamlet 2-10 Je l'aimais - Il est fou
0%
Hallelujah 5 Juste un peu de temps
0%
Hamlet 2-11 Le duel
0%
Nous les gars, nous les filles 3 Le p'tit clown de ton cœur
0%
Les Bras en croix 12 Mashed Potato Time
0%
Sings America's Rockin' Hits 11 Maybellene
0%
Nous les gars, nous les filles 9 Mon septième ciel
0%
Johnny chante Hallyday 5 Ne crois pas ça
0%
Johnny chante Hallyday 11 Ne joue pas ce jeu-là
0%
Salut les copains 4 Nous quand on s'embrasse
0%
Johnny, reviens ! Les Rocks les plus terribles 12 Oh, laisse la partir
0%
Hamlet 1-10 On a peur de lui
0%
Hallelujah 12 Plus je te regarde
0%
Hamlet 1-14 Quel mal te bouffe
0%
Les Bras en croix 4 Quitte-moi doucement
0%
La Terre promise 10 Reste avec moi cette nuit
0%
Johnny, reviens ! Les Rocks les plus terribles 10 Susie Lou
0%
Sings America's Rockin' Hits 5 Take Good Care of My Baby
0%
Salut les copains 6 Toi qui regrettes
0%
Hamlet 2-3 Tue-le
0%
Johnny, reviens ! Les Rocks les plus terribles 4 Tu me quittes
0%
Nous les gars, nous les filles 6 Tu parles trop
0%
Salut les copains 5 Twist in USA
0%
Nous les gars, nous les filles 8 Une boum chez John
0%
Johnny chante Hallyday 6 Un jour ou l'autre
0%
Hamlet 2-2 Un trône est sans roi
0%
Hallelujah 9 Va t'en
0%
Sings America's Rockin' Hits 9 You're Sixteen
0%
Hallelujah 13 Zeep a dee yeh
0%
Aucun quiz correspondant
Distribution des résultats
% des personnes avec chaque résultat
Percentile par nombre de réponses
Votre historique - résultats
Vous n’avez pas pris ce quiz